| 000 | 00386pab a2200157 454500 | ||
|---|---|---|---|
| 008 | 180718b2011 xxu||||| |||| 00| 0 eng d | ||
| 100 | _aBhardwaj, Amita Pandey | ||
| 245 | _aRe-engineering higher education: Need of the hour | ||
| 260 | _c2011 | ||
| 300 | _ap.14-16. | ||
| 362 | _a19 Dec | ||
| 650 | _aHigher education | ||
| 773 | _aUniversity News | ||
| 908 | _aN | ||
| 909 | _a94618 | ||
| 999 |
_c94618 _d94618 |
||